Používané metódy, metodiky a normy pre vývoj softvéru vo firmách na Slovensku bakalárska práca

Saved in:
Bibliographic Details
Main Author: Valaštiak, Jakub
Corporate Author: Fakulta hospodárskej informatiky EU. Katedra aplikovanej informatiky
Other Authors: Kanáliková, Alžbeta, 1969-
Format: Book
Language:Slovak
Published: Bratislava 2014
Tags: Add Tag
No Tags, Be the first to tag this record!

MARC

LEADER 00000nbm a2200000 4500
001 0191745
005 20170201110835.3
041 0 |a slo 
044 |a SK 
245 1 0 |a Používané metódy, metodiky a normy pre vývoj softvéru vo firmách na Slovensku  |b bakalárska práca  |c Jakub Valaštiak ; školiteľ: Alžbeta Kanáliková 
264 1 |a Bratislava  |c 2014 
300 |a 60 s. 
100 1 |a Valaštiak, Jakub 
700 1 |a Kanáliková, Alžbeta, 1969- 
710 2 |a Fakulta hospodárskej informatiky EU. Katedra aplikovanej informatiky